| 000 | 01959nam a2200277 4500 | ||
|---|---|---|---|
| 003 | EC-UNACH | ||
| 006 | s||||gr|||| 00| 00 | ||
| 008 | 150116t9999 mx r gr 000 0 spa d | ||
| 020 | _a978-84-323-1482-7 | ||
| 040 |
_aEC-UNACH _cEC-UNACH |
||
| 041 | _aspa | ||
| 082 | 0 | 4 |
_223 _a304.82 _bL017418 |
| 100 | _aRevilla, Marisa | ||
| 245 |
_aInfancia, juventud y migraciones _bUna mirada para la cooperación internacional |
||
| 250 | _aPrimera Edición (en esta presentación) | ||
| 264 |
_aMadrid _bSiglo XXI Editores _c2011 |
||
| 300 |
_a408 p. _bilustraciones _c23 cm. |
||
| 500 | _aBajo la Coordinación de María Revilla y la Cooperación de la Fundación Carolina, se reúne un prestigioso equipo de expertos en el campo de la infancia y las migraciones cuyos resultados se recogen en este libro | ||
| 501 | _aLa especial vulnerabilidad a las que están expuestas la infancia y la juventud en los procesos migratorios constituye un reto para las políticas de desarrollo de los países de origen y de destino. | ||
| 505 | _a1. Marcos para el análisis.- 2. Un enfoque jurídico sobre los menores extranjeros.- 3. Migraciones de la infancia y la juventud: el género sí cuenta.- 4. La migración en España durante la primera década del siglo XXI.- 5. Los menores en contextos migratorios, evolución estadística del fenómeno.- 6. Una misma luna en la distancia. Hijos e hijas que permanecen en Colombia.- 7. Me quede en Marruecos. Hijos e hijas de familias inmigradas en origen, una nueva mirada.- 8. Hacia un modelo garantista de retorno de los menores migrantes no acompañados.- 9. Migración, infancia y desarrollo referencias y experiencias para la cooperación Española.- 10. Infancia, juventud y migraciones: consideraciones finales.- Anexo. Relación de Autores | ||
| 942 |
_2ddc _c1 |
||
| 999 | _c14395 | ||